000 00307nam a2200121Ia 4500
008 190216s9999||||xx |||||||||||||| ||und||
100 _aJohn E Freund & Frank J Williams
245 0 _aModern Business Statistics
260 _bWiley Eastern Ltd
_c1969
300 _a541p
650 _aCommerce
942 _cBK
999 _c4323
_d4323